000 01027nam a2200289 c 4500
003 BLK
005 20180420224835.0
008 180408b bul|||||r ||||||| ||bul||
010 _aKNG00089285000
040 _aBLK
041 _aBUL
_cBUL
080 _aБългарска литература
_b821.163.2
_x-31
_z821.163.2-31
100 1 _aВълев, Димитър Йорданов
_eпърви автор
_9242490
139 _aВълев, Димитър Йорданов
_bВ 92
245 1 0 _aТрите смъртни гряха
_cДимитър Йорданов Вълев.
245 1 0 _aУмът на звяра
_b
_c
257 _aBGR
260 София
_bБълг. писател
_c1989
_fВарна : Ст. Добрев-Странджата
300 _a344 с.
_bс портр.
_c21 см
380 _aX
500 _a28 112 тир.
852 _aЦб 157172
856 4 _qpdf
_u
856 4 _qpdf
_u
942 _cKNG
_n0
944 _aCR
_c15.09.2016
_kГрета_Цуфелде
944 _aED
_c15.09.2016
_kГрета_Цуфелде
999 _c84696
_d84696